000 00829cam a2200289 a 4500
001 59720
003 CO-BoRNBP
005 20251029211729.0
007 ta
008 010615s2000 ck r 00011dspa d
040 _ala
_cla
041 0 _aspa
043 _an-mx---
082 0 4 _aM861.6
_bC83p1
_219 ed.
100 1 _aCuéllar, Margarito,
_d1956-
_966428
245 1 0 _aPlegaria de los ciegos caminantes /
_cMargarito Cuéllar.
250 _a1a. edición
300 _a42 p. ;
_c22 cm.
336 _2rdacontent
_atexto
_btxt
337 _2rdamedia
_asin mediación
_bn
338 _2rdacarrier
_avolumen
_bnc
650 7 _aPoesía mexicana.
_2BLAAUTO
_917012
650 7 _aVida cotidiana
_vPoesías.
_2BLAAUTO
_943179
650 7 _aCiudades y pueblos
_vPoesías.
_2BLAAUTO
_966429
942 _2ddc
_cBK
949 _an
_bn
999 _c59720
_d59720